000 01920nam a2200289Ia 4500
999 _c40570
_d40570
001 7195
003 GE_BSU
005 20230404104652.0
008 181216s2009||||ge |||||||||||||| ||geo||
020 _a9994011588
040 _cGE_BSU
041 _ageo
080 _a726.5(=353.1)(560) ხ-81
100 _aხოშტარია, დავით.
_917452
245 _aკლარჯეთის ეკლესიები და მონასტრები /
_cდავით ხოშტარია ; თსუ, საქ. ისტორიის კათედრა, სამხრ. კავკ. და ანატოლიის შემსწ. ცენტრი.
264 _aთბილისი :
_b [არტანუჯი],
_c2009.
300 _a332 გვ.;
_bსურ;ტაბ.;
_c24სმ.
300 _bტაბულები გვ:293-330.საკუთარ სახელთა საძ.გვ;278-292.ბიბლიოგრ.ტექსტ.შენიშვნ.და გვ.264-273.
490 _aსამხრეთ კავკასია და ანატოლია /
_vსერიის მთ. რედ. როინ მეტრეველი ; 3
501 _aტაბულები: გვ. 293-330. საკუთარ სახელთა საძ.: გვ. 278-292.
504 _aბიბლიოგრ. ტექსტ. შენიშვნ. და გვ. 264-273.
541 _h12ლ.
653 _aქართული ეკლესია-მონასტრები თურქეთში.
700 _aმეტრეველი, როინ
_eრედაქტორი
_917453
710 _aთსუ-ს საქ. ისტორ. კათედრა.
_bსამხრ. კავკ. და ანატოლიის შემსწავლელი ცენტრი.
_917454
942 _cBK
_2udc